Tails gets trolled Characters quiz Stats

 Plays Quiz not verified by Sporcle

Score 0/82 Timer 10:00
0 Plays Today
% Correct
Tails
90.9%
Sonic
81.8%
Knuckles
63.6%
Shadow
54.5%
Tom
54.5%
Amy
54.5%
Cream
45.5%
Sylvester
45.5%
Alex
36.4%
Toad
36.4%
Luigi
36.4%
Mario
36.4%
Silver
36.4%
Garry
36.4%
Vector
36.4%
Blaze
36.4%
Jerry
36.4%
Pikachu
33.3%
Donkey kong
33.3%
Troll king
27.3%
Espio
27.3%
Emerl
27.3%
Coyote
27.3%
Demaro
27.3%
Pac man
27.3%
Hello kitty
27.3%
Doug
27.3%
Kermit
27.3%
% Correct
Bowser
27.3%
Bugs bunny
18.2%
Teemo
18.2%
Hulk
18.2%
Rob
18.2%
Troll face
18.2%
Elmer fud
18.2%
Porky pig
18.2%
Cheeto man
18.2%
Vivian
18.2%
Skeeter
18.2%
Candy
18.2%
Sonichu
18.2%
Underbite troll
18.2%
Fat troll
9.1%
Daffy duck
9.1%
Dr. eggman
9.1%
Kelic
9.1%
Bob
9.1%
Keven
9.1%
October
9.1%
Bill
9.1%
Arthur
9.1%
Trix rabbit
9.1%
Batman
9.1%
Leap frog
9.1%
Frogger
9.1%
Spyro
9.1%
% Correct
Ronald
9.1%
Rouge
9.1%
Patti
9.1%
Travous
9.1%
Blue guy
9.1%
Road runner
9.1%
Kirby
0%
Hindo
0%
Heimerdinger
0%
The man in ice
0%
John
0%
Pori
0%
Woodstock
0%
Dexter
0%
Jessie
0%
Tonya
0%
Lazerbot
0%
Oxsist
0%
Kario
0%
Jared Lorenzen
0%
Tweety bird
0%
Bounty hunter
0%
Guy
0%
Tiny kong
0%
Chunky kong
0%
Koopa Mang
0%

You're not logged in!

Compare scores with friends on all Sporcle quizzes.
OR
Log In

Show Comments

Extras

Created May 16, 2019ReportNominate
Tags:character, tail

Top Quizzes Today


Score Distribution

Your Account Isn't Verified!

In order to create a playlist on Sporcle, you need to verify the email address you used during registration. Go to your Sporcle Settings to finish the process.

Report this User

Report this user for behavior that violates our Community Guidelines.

Details: